Statistics for Arsenal - Manchester United 2015-2016

Click here to take the quiz!

General Stats

  • This quiz has been taken 123 times
  • The average score is 22 of 30

Answer Stats

Answer% Correct
David De Gea
92%
Mesut Özil ¹
92%
Petr Cech
91%
Alexis Sanchez ²
90%
Arsène Wenger
90%
Wayne Rooney
89%
Chris Smalling
88%
Olivier Giroud
87%
Theo Walcott
86%
Anthony Martial
85%
Hector Bellerin
85%
Per Mertesacker
84%
Louis van Gaal
81%
Aaron Ramsey
80%
Nacho Monreal
77%
Michael Carrick
72%
Santi Cazorla
71%
Ashley Young
70%
Juan Mata
69%
Alex Oxlade-Chamber.
68%
Antonio Valencia
67%
Francis Coquelin
67%
Daley Blind
66%
Matteo Darmian
66%
Bastian Schweinsteiger
63%
Memphis Depay
61%
Gabriel Paulista
60%
Marouane Fellaini
52%
Kieran Gibbs
51%
James Wilson
13%

Score Distribution

Percentile by Number Answered

Percent of People with Each Score

Your Score History

You have not taken this quiz